00281nam a2200121Ia 4500008004100000082001800041100002100059245002000080250000800100260002300108300001000131650001800141150201s1998 xx 000 0 und d a617.6bC1998B aBAUCHER & MORRIS aCLINICAL SKILLS a2ND bAITBSaDELHIc1998 a1-720 aORAL MEDICINE